| 000 | 01085nam a2200289 i 4500 | ||
|---|---|---|---|
| 001 | 020766234 | ||
| 003 | EG-ScBUE | ||
| 005 | 20230607115549.0 | ||
| 008 | 220923s1986 ii f 000 0 eng d | ||
| 020 | _a9788121903592 | ||
| 020 | _a8121903599 | ||
| 040 |
_aStDuBDS _beng _erda _cStDuBDS _dEG-ScBUE |
||
| 082 | 0 | 4 |
_a660 _222 _bDAR |
| 100 | 1 |
_aDara, S. S., _eauthor. |
|
| 245 | 1 | 2 |
_aA textbook of engineering chemistry / _cDr. S. S. Dara, former professor and Head Department of Applied Chemistry, Visvesvaraya National Institute of Technology ; revised Dr. S. S. Umare, professor and Head Department of Applied Chemistry, Visvesvaraya National Institute of Technology. |
| 250 | _aFirst edition. | ||
| 264 | 1 |
_aNew Delhi : _bS. Chand and Company Ltd, _c1986. |
|
| 300 |
_axvi, 972 pages ; _c24 cm |
||
| 336 |
_atext _2rdacontent _btxt |
||
| 337 |
_aunmediated _2rdamedia _bn |
||
| 338 |
_avolume _2rdacarrier _bnc |
||
| 500 | _aIncludes appendix. | ||
| 650 | 7 |
_aChemical engineering. _2BUEsh |
|
| 655 | _vReading book | ||
| 700 | 1 |
_aUmare, S. S., _ereviewer. |
|
| 942 |
_2ddc _cBB |
||
| 999 |
_c30464 _d30435 |
||